|
|
|
|
| LEADER |
01326nam a2200325 a 4500 |
| 001 |
14276275 |
| 008 |
120329t20102006enka b 001 0 eng |
| 010 |
|
|
|a 2006042605
|
| 020 |
|
|
|a 0521856639 (hbk.)
|
| 020 |
|
|
|a 0521672589 (pbk.)
|
| 020 |
|
|
|a 9780521856638 (hbk.)
|
| 020 |
|
|
|a 9780521672580 (pbk.)
|
| 040 |
|
|
|a DLC
|c DLC
|d BAKER
|d C#P
|d YDXCP
|d DLC
|d BD-DhAAL
|
| 042 |
|
|
|a pcc
|
| 050 |
0 |
0 |
|a P53.27
|b .F44 2006
|
| 082 |
0 |
0 |
|a 418.0071/1
|2 22
|
| 245 |
0 |
0 |
|a Feedback in second language writing :
|b contexts and issues /
|c edited by Ken Hyland, Fiona Hyland.
|
| 260 |
|
|
|a Cambridge ;
|a New York :
|b Cambridge University Press,
|c 2006 [printing 2010].
|
| 300 |
|
|
|a xvi, 291 p. :
|b ill. ;
|c 23 cm.
|
| 490 |
0 |
|
|a The Cambridge applied linguistics series
|
| 504 |
|
|
|a Includes bibliographical references and indexes.
|
| 541 |
|
|
|e 00024854
|
| 650 |
|
0 |
|a Language and languages
|x Study and teaching (Higher)
|
| 650 |
|
0 |
|a Rhetoric
|x Study and teaching (Higher)
|
| 650 |
|
0 |
|a Second language acquisition.
|
| 700 |
1 |
|
|a Hyland, Ken.
|
| 700 |
1 |
|
|a Hyland, Fiona.
|
| 852 |
1 |
|
|a Ayesha Abed Library
|c General shelf.
|
| 999 |
|
|
|c 12056
|d 12056
|
| 952 |
|
|
|0 0
|1 0
|2 ddc
|4 0
|6 418_007110000000000_FEE
|7 0
|9 19854
|a BRACUL
|b BRACUL
|c GEN
|d 2012-03-28
|e karim International
|g 3160.00
|l 4
|m 33
|o 418.00711 FEE
|p 3010024854
|r 2017-11-19
|s 2017-03-15
|t 1
|w 2012-03-29
|y BK
|